| 000 | 00694nam a22002057a 4500 | ||
|---|---|---|---|
| 999 |
_c189241 _d189241 |
||
| 005 | 20220622142806.0 | ||
| 010 | _aENG-133319 | ||
| 020 |
_a9780190121150 _c1495.00 |
||
| 035 | _aEN-116851 | ||
| 037 | _bDBAD/PUB | ||
| 082 | _a362.10954 | ||
| 245 |
_aIndian Public Finance and Policy Report: _bHealth Matters/ _cEdited by Jyotsna Jalan, Sugata Marjit And Sattwik Santra |
||
| 260 |
_aNew Delhi _bOxford University Press _c2020 |
||
| 270 |
_a22 Workspace, 2nd floor, 1/22 Asaf Ali Road, _bNew Delhi _e110002 |
||
| 300 |
_axvi,166p. _c28cm(pbk) |
||
| 700 | _aJalan, Jyotsana | ||
| 700 | _aMarjit, Sugata | ||
| 700 | _aSantra, Sattwik | ||
| 942 |
_2ddc _cEN _h362.10954 _mIND |
||